logo

Bir Sreshtho Munshi Abdur Rouf Library
Jhenaidah Cadet College

Creative crafts in education / (Record no. 8117)

MARC details
000 -LEADER
fixed length control field 00732cam a2200241 a 4500
001 - CONTROL NUMBER
JCCL Control Number 8117
003 - CONTROL NUMBER IDENTIFIER
JCCL marc code BD-JhCC
005 - DATE AND TIME OF LATEST TRANSACTION
control field 20180218191746.0
008 - FIXED-LENGTH DATA ELEMENTS--GENERAL INFORMATION
fixed length control field 820714s1952 enka 001 0 eng d
035 ## - SYSTEM CONTROL NUMBER
system control number (BD-JhCC)8117
035 ## - SYSTEM CONTROL NUMBER
system control number 746675
040 ## - CATALOGING SOURCE
Original cataloging agency VCAV
Transcribing agency VCAV
Modifying agency SUSA
-- BD-JhCC
041 ## - LANGUAGE CODE
Language code of Book eng
082 04 - DEWEY DECIMAL CLASSIFICATION NUMBER
Classification number 745.5/07
DDC Edition number 19
Author mark and Year ROB 1952
100 1# - MAIN ENTRY--PERSONAL NAME
Personal name Robertson, Seonaid M.
Fuller form of name (Seonaid Mairi)
245 10 - TITLE STATEMENT
Title Creative crafts in education /
Statement of responsibility, etc by Seonaid M. Robertson ; foreword by Herbert Read.
260 ## - PUBLICATION, DISTRIBUTION, ETC. (IMPRINT)
Place of publication, distribution, etc London :
Name of publisher, distributor, etc Routledge & Kegan Paul,
Date of publication, distribution, etc 1952.
300 ## - PHYSICAL DESCRIPTION
Pagination xiv, 286 p., [24] p. of ill. :
Other physical details ill. ;
Dimensions 23 cm.
500 ## - GENERAL NOTE
General note Includes index.
650 #0 - SUBJECT ADDED ENTRY--TOPICAL TERM
Topical term or geographic name as entry element Handicraft
General subdivision Study and teaching.
942 ## - ADDED ENTRY ELEMENTS (KOHA)
Source of classification or shelving scheme Dewey Decimal Classification
Koha item type Books
Holdings
Source of classification or shelving scheme Damaged status Not for loan Home library Current library Shelving location Total Checkouts Full call number Barcode Date last seen Copy number Koha item type
Dewey Decimal Classification     JCC Rouf Library JCC Rouf Library General Stacks   745.5/07 ROB 1952 10627 02/18/2018 C - 1 Books

JCC Library | Contacts | JCC Home

Last Update on 23 September 2017
Copyright @ 2017-2020 JCC Rouf Library
Rouf Library, Jhenidah Cadet College (JCC), Bangladesh